DTI innovation review seeks to plug gaps in renewables strategy (Record no. 74371)
[ view plain ]
| 000 -LEADER | |
|---|---|
| fixed length control field | 01067cam a2200217 4500 |
| 001 - CONTROL NUMBER | |
| control field | X125856 |
| 008 - FIXED-LENGTH DATA ELEMENTS--GENERAL INFORMATION | |
| fixed length control field | 040419n2004 000 0 eng u |
| 035 ## - SYSTEM CONTROL NUMBER | |
| System control number | (Sirsi) u125856 |
| 245 ## - TITLE STATEMENT | |
| Title | DTI innovation review seeks to plug gaps in renewables strategy |
| 260 ## - PUBLICATION, DISTRIBUTION, ETC. | |
| Date of publication, distribution, etc. | 2004 |
| 490 ## - SERIES STATEMENT | |
| Series statement | ENDS Report |
| Volume/sequential designation | (350) March 2004, 31-33(3) |
| 520 ## - SUMMARY, ETC. | |
| Summary, etc. | Discusses an official review of renewable energy sources which sets out plans to focus support on technologies seen as offering the greatest environmental and economic potential to 2050. Wind power is expected to remain the dominant renewable energy source until 2020 but government is also proposing to build a biomass industry. However wave and tidal developers and photovoltaics are concerned that they may miss out on government funding. [Taken from journal abstract]. |
| 650 ## - SUBJECT ADDED ENTRY--TOPICAL TERM | |
| Topical term or geographic name entry element | RENEWABLE ENERGY |
| 650 ## - SUBJECT ADDED ENTRY--TOPICAL TERM | |
| Topical term or geographic name entry element | RENEWABLE RESOURCES |
| 650 ## - SUBJECT ADDED ENTRY--TOPICAL TERM | |
| Topical term or geographic name entry element | WIND POWER |
| 650 ## - SUBJECT ADDED ENTRY--TOPICAL TERM | |
| Topical term or geographic name entry element | TIDAL POWER |
| 650 ## - SUBJECT ADDED ENTRY--TOPICAL TERM | |
| Topical term or geographic name entry element | WAVE POWER |
| 650 ## - SUBJECT ADDED ENTRY--TOPICAL TERM | |
| Topical term or geographic name entry element | GOVERNMENT POLICY |
| 690 ## - LOCAL SUBJECT ADDED ENTRY--TOPICAL TERM (OCLC, RLIN) | |
| Topical term or geographic name as entry element | ENVIRONMENTAL AND LAND CONSULTANCY-ENERGY |
| 942 ## - ADDED ENTRY ELEMENTS (KOHA) | |
| Suppress in OPAC | 0 |
| Withdrawn status | Lost status | Source of classification or shelving scheme | Damaged status | Not for loan | Home library | Current library | Shelving location | Date acquired | Total Checkouts | Full call number | Barcode | Date last seen | Copy number | Price effective from | Koha item type |
|---|---|---|---|---|---|---|---|---|---|---|---|---|---|---|---|
| Dewey Decimal Classification | London | London | Journal article | 19/04/2004 | X125856 | 125856-1001 | 06/08/2019 | 1 | 06/08/2019 | Journal article |